000 01358nam a2200337 i 4500
003 EG-GICUC
005 20260121101237.0
008 251117s2005 ua ||||fr|||| 00| 0 ara d
020 _a9947009408
040 _a EG-GICUC
_bara
_c EG-GICUC
_d EG-GICUC
_erda
041 0 _hara
082 0 4 _221
_a345.2
_bن ا . ق
092 0 4 _221
099 _aLaw1 07 345.2 ن ا . ق 2005
100 0 _aناصر لباد
_eمؤلف.
243 _aLe Droit Administratif :
_hL'Organisation Administrative, Première Partie / By Lebed
245 1 2 _aالقانون الإداري :
_nالجزء الأول،
_bالتنظيم الإداري /
_cدكـتور ناصر لباد.
250 _aالطبعة الثالثة
264 1 _a[مكان النشر غير محدد] :
_b[الناشر غير محدد] ،
_c2005.
300 _a323 صفحة ؛
_c24 سم.
336 _2rda content
_atext
337 _2rda media
_aComputer
338 _2rda carrier
_aOnline Resource
504 _aيشتمل على إرجاعات ببليوجرافية
504 _aببليوجرافيا صفحات : (299-311)
546 _aالنص أغلبه باللغة العربية مع بعض النصوص الفرنسية
650 1 _aالقانون الإداري
856 4 0 _uhttps://fll.law.cu.edu.eg/fulltext/bks/B07-00792.pdf
905 _a33
942 _2ddc
_cBK
_e21
_n0
999 _c44051
_d44051